000 00451nam a2200157Ia 4500
008 220216s9999 xx 000 0 und d
100 _aHasma Hashim
245 0 _aProteins in natural rubber latex
260 _bProceedings of the Conference on International Rubber Technology, Kuala Lumpur, 1993
_c1993
300 _a27-31
500 _aSource Year: 1995
650 _alatex protein
650 _aNatural rubber
856 _uIRRDB
942 _cJS
999 _c66063
_d66063